Name all U.S. Attorney Generals - Statistics

General Stats
  • This quiz has been taken 7 times
    2 since last reset
  • The average score is 3 of 112
Answer Stats
Years Served President Home State Answer % Correct
2025 - 2026 Donald Trump Florida Pam Bondi
100%
2017 - 2018 Donald Trump Alabama Jeff Sessions
50%
1849 - 1850 Zachary Taylor Maryland Reverdy Johnson
50%
(Acting) 2026 - Present Donald Trump Florida Todd Blanche
50%
1981 - 1985 Ronald Reagan California William French Smith
50%
2005 - 2007 George W. Bush Texas Alberto Gonzales
0%
1876 - 1877 Ulysses S. Grant Ohio Alphonso Taft
0%
1919 - 1921 Woodrow Wilson Pennsylvania A. Mitchell Palmer
0%
1870 - 1871 Ulysses S. Grant Georgia Amos T. Akerman
0%
1885 - 1889 Grover Cleveland Arkansas Augustus Garland
0%
1979 - 1981 Jimmy Carter Maryland Benjamin Civiletti
0%
1833 - 1838 Martin Van Buren New York Benjamin Franklin Butler
0%
1881 - 1885 Chester A. Arthur Pennsylvania Benjamin H. Brewster
0%
1807 - 1811 James Madison Delaware Caesar Augustus Rodney
0%
1853 - 1857 Franklin Pierce Massachusetts Caleb Cushing
0%
(Acting) 2017 Donald Trump Washington D.C. Channing D. Phillips
0%
1906 - 1909 Theodore Roosevelt Maryland Charles Bonaparte
0%
(Acting) 1981 - 1981 Ronald Reagan California Charles Byron Renfrew
0%
1877 - 1881 Rutherford B. Hayes Massachusetts Charles Devens
0%
1795 - 1801 John Adams Virginia Charles Lee
0%
2017 Donald Trump Virginia Dana Boente
0%
(Acting) 1977 Jimmy Carter Pennsylvania Dick Thornburgh
0%
1988 - 1991 Ronald Reagan, George H.W. Bush Pennsylvania Dick Thornburgh
0%
1869 - 1870 Ulysses S. Grant Massachusetts Ebenezer R. Hoar
0%
1789 - 1794 George Washington Virginia Edmund Randolph
0%
1861 - 1864 Abraham Lincoln Missouri Edward Bates
0%
1975 - 1977 Gerald Ford Illinois Edward H. Levi
0%
1875 - 1876 Ulysses S. Grant New York Edwards Pierrepont
0%
1985 - 1988 Ronald Reagan California Edwin Meese
0%
1860 - 1861 James Buchanan Pennsylvania Edwin Stanton
0%
1973 - 1973 Richard Nixon Massachusetts Elliot Richardson
0%
(Acting) 2001 George W. Bush Washington D.C. Eric Holder
0%
2009 - 2015 Barack Obama Washington D.C. Eric Holder
0%
1838 - 1840 Martin Van Buren Tennessee Felix Grundy
0%
1941 - 1945 Franklin D. Roosevelt, Harry S Truman Pennsylvania Francis Biddle
0%
1939 - 1940 Franklin D. Roosevelt Michigan Frank Murphy
0%
(Acting) 2021 Donald Trump Arizona Gary M. Restaino
0%
(Acting) 2025 Donald Trump Arizona Gary M. Restaino
0%
1871 - 1875 Ulysses S. Grant Oregon George Henry Williams
0%
(Acting) 1993 Bill Clinton Vermont George J. Terwilliger III
0%
1909 - 1913 William Howard Taft New York George W. Wickersham
0%
1977 - 1979 Jimmy Carter Georgia Griffin Bell
0%
1924 - 1925 Calvin Coolidge New York Harlan F. Stone
0%
(Acting) 1977 Jimmy Carter New York Harold R. Tyler Jr.
0%
1921 - 1924 Warren G. Harding, Calvin Coolidge Ohio Harry M. Daugherty
0%
1840 - 1841 Martin Van Buren Pennsylvania Henry D. Gilpin
0%
1866 - 1868 Andrew Johnson Ohio Henry Stanbery
0%
1953 - 1957 Dwight D. Eisenhower New York Herbert Brownell Jr.
0%
1933 - 1939 Franklin D. Roosevelt Connecticut Homer Stille Cummings
0%
1841 - 1843 John Tyler South Carolina Hugh S. Legaré
0%
1848 - 1849 James K. Polk Connecticut Isaac Toucey
0%
(Acting) 2025 Donald Trump Washington D.C. James McHenry
0%
1913 - 1914 Woodrow Wilson Tennessee James McReynolds
0%
1952 - 1953 Harry S Truman Pennsylvania James P. McGranery
0%
1864 - 1866 Abe Lincoln, Andrew Johnson Kentucky James Speed
0%
1993 - 2001 Bill Clinton Florida Janet Reno
0%
(Acting) 2020 - 2021 Donald Trump Virginia Jeffrey A. Rosen
0%
1857 - 1860 James Buchanan Pennsylvania Jeremiah S. Black
0%
1949 - 1952 Harry S Truman Rhode Island J. Howard
0%
2001 - 2005 George W. Bush Missouri John Ashcroft
0%
1805 - 1806 Thomas Jefferson Kentucky John Breckinridge
0%
(Acting) 2021 Joe Biden Virginia John Demers
0%
1925 - 1929 Calvin Coolide Vermont John G. Sargent
0%
1841 William Henry Harrison, John Tyler Kentucky John J. Crittenden
0%
1850 - 1853 Millard Fillmore Kentucky John J. Crittenden
0%
1829 - 1831 Andrew Jackson Georgia John Macpherson Berrien
0%
1843 - 1845 John Tyler Maryland John Nelson
0%
1969 - 1972 Richard Nixon New York John N. Mitchell
0%
1898 - 1901 William McKinley New Jersey John W. Griggs
0%
1845 - 1846 James K. Polk Virginia John Y. Mason
0%
1897 - 1898 William McKinley California Joseph McKenna
0%
1895 - 1897 Grover Cleveland Ohio Judson Harmon
0%
1801 - 1805 Thomas Jefferson Massachusetts Levi Lincoln Sr.
0%
(Acting) 2021 Donald Trump Washington, D.C. Lisa Monaco
0%
(Acting) 2025 Donald Trump Washington, D.C. Lisa Monaco
0%
2015 - 2017 Barack Obama New York Loretta Lynch
0%
(Acting) 2009 Barack Obama Illinois Mark Filip
0%
(Acting) 2018 - 2019 Donald Trump Iowa Matthew Whitaker
0%
2021 - 2025 Joe Biden Maryland Merrick Garland
0%
2007 - 2009 George W. Bush New York Michael Mukasey
0%
(Acting) 2021 Joe Biden Virginia Monty Wilkinson
0%
1846 - 1848 James K. Polk Maine Nathan Clifford
0%
1964 - 1966 Lyndon B. Johnson New Jersey Nicholas Katzenbach
0%
(Acting) 2007 George W. Bush Virgina Paul Clement
0%
(Acting) 2007 George W. Bush Maryland Peter Keisler
0%
1901 - 1904 Theodore Roosevelt Pennsylvania Philander C. Knox
0%
1966 - 1969 Lyndon B. Johnson Texas Ramsey Clark
0%
1972 - 1973 Richard Nixon Arizona Richard Kleindienst
0%
1893 - 1895 Grover Cleveland Massachusetts Richard Olney
0%
1814 - 1817 James Madison Pennsylvania Richard Rush
0%
(Acting) 1973 - 1974 Richard Nixon Washington D.C. Robert Bork
0%
1961 - 1964 John F. Kennedy, Lyndon B. Johnson Massachusetts Robert F. Kennedy
0%
1940 - 1941 Franklin D. Roosevelt New York Robert H. Jackson
0%
(Acting) 2018 Donald Trump Virgina Rod Rosenstein
0%
1831 - 1833 Andrew Jackson Maryland Roger B. Taney
0%
(Acting) 2017 Donald Trump Georgia Sally Yates
0%
(Acting) 1993 Bill Clinton Maryland Stuart M. Gerson
0%
1914 - 1919 Woodrow Wilson Texas Thomas Watt Gregory
0%
1945 - 1949 Harry S Truman Texas Tom C. Clark
0%
1881 James A. Garfield, Chester A. Arthur Pennsylvania Wayne MacVeagh
0%
1991 - 1993 George H.W. Bush Virginia William Barr
0%
2019 - 2020 Donald Trump Virginia William Barr
0%
1794 - 1795 George Washington Pennsylvania William Bradford
0%
1974 - 1975 Gerald Ford Ohio William B. Saxbe
0%
1929 - 1933 Herbert Hoover Minnesota William D. Mitchell
0%
1904 - 1906 Theodore Roosevelt Massachusetts William Henry Moody
0%
1889 - 1893 Benjamin Harrison Indiana William H. H. Miller
0%
1868 - 1869 Andrew Johnson New York William M. Evarts
0%
1811 - 1814 James Madison Maryland William Pinkney
0%
1957 - 1961 Dwight D. Eisenhower New York William P. Rogers
0%
(Acting) 1973 Richard Nixon Indiana William Ruckelshaus
0%
1817 - 1829 James Monroe, John Quincy Adams Virginia William Wirt
0%
No matching quizzes found
Score Distribution
Percent of People with Each Score
Percentile by Number Answered
Your Score History
You have not taken this quiz since the last reset